000 00231nam a2200097Ia 4500
005 20251222114400.0
008 251222s1900||||xx |||||||||||||| ||spa||
082 _aDVD0110/W61/2006
245 0 _aLa telaraƱa de Charlotte:
942 _cDVD
999 _c1606
_d1606